Institute of microbial chemistry

Gorde:
Xehetasun bibliografikoak
Egile nagusia: Umezawa, Hamao
Formatua: Liburua
Hizkuntza:Undetermined
Argitaratua: Tokyo Microbial Chemistry Rearch Foundation 1977
Gaiak:
Etiketak: Etiketa erantsi
Etiketarik gabe, Izan zaitez lehena erregistro honi etiketa jartzen!
Thư viện lưu trữ: Trung tâm Học liệu Trường Đại học Cần Thơ
LEADER 00487nam a2200181Ia 4500
001 CTU_95093
008 210402s9999 xx 000 0 und d
082 |a 576.0202 
082 |b U49 
100 |a Umezawa, Hamao 
245 0 |a Institute of microbial chemistry 
245 0 |c Hamao Umezawa 
260 |a Tokyo 
260 |b Microbial Chemistry Rearch Foundation 
260 |c 1977 
650 |a Microbiology 
904 |i Năm 
980 |a Trung tâm Học liệu Trường Đại học Cần Thơ